| 000 | 01812nam a2200229Ia 4500 | ||
|---|---|---|---|
| 003 | Ost | ||
| 005 | 20260507075131.0 | ||
| 008 | 260507s9999||||xx |||||||||||||| ||und|| | ||
| 040 | _cfsecg | ||
| 041 | _aara | ||
| 082 | _a330 | ||
| 100 |
_aفارس، علي محمود _eمؤلف |
||
| 245 | 0 |
_aأسس الإقتراض الزراعي والتمويل التعاوني / _c علي محمود فارس |
|
| 260 |
_aليبيا: _bمنشورات جامعة عمر المختار, _c2005 |
||
| 300 |
_a490 صفحة؛ _bإيضاحات ؛ _c25 سم |
||
| 520 | _aأهمية الإقتراض الزراعي في الدول النامية- أهمية رأس المال في العمل الزراعي- الإدارة المالية المزروعة- مصادر الإقراض الزراعي- تصنيف القروض الزراعية- إدارة القروض الزراعية- ضمانات القروض الزراعية- الإجراءات الإدارية لطلب القروض الزراعية- تكاليف القروض والفائدة البسيطة- الفائدة المركبة- حسابات استهلاك القروض- تسديد القروض الزراعية والكفاءة التحصيلية- التمويل التعاوني- الإشراف والمراقبة على القروض الزراعية- العلاقة التكاملية بين الإقراض الزراعي والخدمات- أسس نجاح برامج الإقراض الزراعي والتمويل التعاوني- التأمين والأنشطة الزراعية- التمويل من المصارف غير الربوية (الإسلامية). | ||
| 653 | _aالإقتراض | ||
| 653 | _aالتمويل الزراعي | ||
| 653 | _aالزراعة | ||
| 700 |
_aشلوف، فيصل مفتاح _eمؤلف ثانوي |
||
| 942 | _cكتاب | ||
| 999 |
_c43219 _d43219 |
||